Normal view
MARC view
Entry Personal Name
001 - CONTROL NUMBER
- control field: 67923
003 - CONTROL NUMBER IDENTIFIER
- control field: dpl
005 - DATE AND TIME OF LATEST TRANSACTION
- control field: 20240628143147.0
008 - FIXED-LENGTH DATA ELEMENTS
- fixed length control field: 240628|| aca||aabn | a|a d
040 ## - CATALOGING SOURCE
- Original cataloging agency: dpl
- Transcribing agency: dpl
100 ## - HEADING--PERSONAL NAME
- Personal name: Paldano , Cordis
670 ## - SOURCE DATA FOUND
- Source citation: Work cat.: (dpl)203826: Paldano , Cordis, The Dwarf ,The GIrl and The Holy Goat/, 2018
